Přístupy k řešení měnové problematiky RVHP uplatňované v partnerských zemích z hlediska koncepce zpracované ve VÚFÚS výzkumná práce SPEV VII-1/5.1-07
Saved in:
| Main Author: | |
|---|---|
| Format: | Book |
| Language: | Czech |
| Published: |
Praha
Výzkumný ústav finanční a úvěrové soustavy
1981
|
| Series: | Výzkumná práce
č. 2 |
| Tags: |
No Tags, Be the first to tag this record!
|
MARC
| LEADER | 00000nam a2200000 4500 | ||
|---|---|---|---|
| 001 | c126913 | ||
| 005 | 20181203150419.2 | ||
| 041 | 0 | |a cze | |
| 044 | |a CZ | ||
| 245 | 1 | 0 | |a Přístupy k řešení měnové problematiky RVHP uplatňované v partnerských zemích z hlediska koncepce zpracované ve VÚFÚS |b výzkumná práce SPEV VII-1/5.1-07 |c M. Ondráček |
| 264 | 1 | |a Praha |b Výzkumný ústav finanční a úvěrové soustavy |c 1981 | |
| 300 | |a 116 s. | ||
| 490 | 1 | |a Výzkumná práce |v č. 2 | |
| 830 | 0 | |a Výzkumná práce |v č. 2 | |
| 100 | 1 | |a Ondráček, M. | |